| Tag |
First Indicator |
Second Indicator |
Subfields |
| LEADER |
00000cam a22000001 4500 |
| 001 |
in00001237787 |
| 005 |
20151003071916.0 |
| 008 |
740605s1967 nyu b 000 0 eng |
| 010 |
|
|
|a 67025694
|
| 035 |
|
|
|a (OCoLC)00325239
|
| 035 |
|
|
|9 AGT5418AM
|
| 040 |
|
|
|a DLC
|c DLC
|d TXA
|d UtOrBLW
|
| 049 |
|
|
|a TXAM
|
| 050 |
0 |
0 |
|a BX1758.2
|b .U5
|
| 082 |
0 |
|
|a 241
|
| 090 |
|
|
|a BX1758.2
|b .U5 1967
|
| 245 |
0 |
0 |
|a Understanding the signs of the times /
|c Edited by Franz Bockle.
|
| 264 |
|
1 |
|a New York :
|b Paulist Press,
|c [1967]
|
| 300 |
|
|
|a viii, 168 pages ;
|c 24 cm.
|
| 336 |
|
|
|a text
|b txt
|2 rdacontent
|
| 337 |
|
|
|a unmediated
|b n
|2 rdamedia
|
| 338 |
|
|
|a volume
|b nc
|2 rdacarrier
|
| 490 |
1 |
|
|a Concilium. Moral theology,
|v v. 25
|
| 504 |
|
|
|a Bibliographical footnotes.
|
| 505 |
0 |
|
|a Preface, by F. Böckle.--Does the New Testament provide principles for modern moral theology? By J. Blank.--Toward a morality based on the meaning of history: the condition and renewal of moral theology, by I. Lobo.--The natural law and statute law: a lawyer's view, by P. Benenson.--Beyond natural law and positivism, by Heinz--orst Schrey.--Reflections on the virtue of truthfulness, by S. Kutz.--Communications media at the service of "good morals", by L. Hamelin.--Secularism and Christian ethics; some types and symptoms, by C. van Ouwerkerk.--Signs of the times, by M. C. Vanhengel and J. Peters.--Confessing the faith in Asia today, by M. Chen.--Pastoral work in Amsterdam, by M. van Hulten.
|
| 650 |
|
0 |
|a Christian ethics
|x Catholic authors.
|
| 700 |
1 |
|
|a Böckle, Franz,
|e editor.
|
| 740 |
0 |
|
|a Moral theology.
|
| 830 |
|
0 |
|a Concilium (Glen Rock, N.J.) ;
|v v. 25.
|
| 999 |
|
|
|a MARS
|
| 999 |
f |
f |
|s f86e42b8-d458-34cf-8a60-53b0089ab20b
|i 808ed690-cd24-3972-aa48-d247303bcd15
|t 0
|
| 952 |
f |
f |
|p ric
|a Texas A&M University
|b Rellis Campus
|c Joint Library Facility
|d Remote Storage
|t 0
|e BX1758.2 .U51967
|h Library of Congress classification
|i unmediated -- volume
|m A14819736526
|
| 998 |
f |
f |
|a BX1758.2 .U51967
|t 0
|l Remote Storage
|